| 000 | 00759nam a22002057a 4500 | ||
|---|---|---|---|
| 003 | JO-AjAnu | ||
| 005 | 20251014152654.0 | ||
| 008 | 251014b jo ||||| |||| 00| 0 ara d | ||
| 020 | _a978-9957-67-059-7 | ||
| 022 | _a790/2/2017 | ||
| 040 |
_aANU _cJO-AjAnu |
||
| 041 | _hARA | ||
| 100 |
_aاليوسف، سمير _eمعد _966835 |
||
| 245 |
_aرؤيا النقد والإبداع : قراءات في أعمال عبدالله رضوان _c / إعداد وتقديم سمير اليوسف |
||
| 260 |
_aعمان : _bوزارة الثقافة، _c2021 |
||
| 300 | _a331 صفحة | ||
| 490 | _aالقراءة للجميع | ||
| 650 | _vالادب العربي-الشعر العربي-الأردن-تاريخ ونقد-القرن 20 | ||
| 942 |
_2lcc _cBK _n0 |
||
| 999 |
_c34090 _d34090 |
||